| 000 | 00431nam a22001817a 4500 | ||
|---|---|---|---|
| 003 | OSt | ||
| 005 | 20140310181947.0 | ||
| 008 | 130725t xxu||||| |||| 00| 0 eng d | ||
| 050 |
_aPZ 7 _b.Al355 1993 |
||
| 082 |
_aKF _bAl1o |
||
| 100 | _aAlcott, Louisa M. | ||
| 245 |
_aLittle women / _cLouisa M. Alcott. |
||
| 300 |
_a57 p. ; 2 _c0 cm. |
||
| 541 | _j1 | ||
| 541 | _j2 | ||
| 562 | _e2 | ||
| 942 |
_2lcc _cBK-KF _kKF |
||
| 999 |
_c7800 _d7800 |
||